| 000 | 00407nam a2200157Ia 4500 | ||
|---|---|---|---|
| 008 | 210716s1998 xx 000 0 und d | ||
| 020 | _a8176350788 | ||
| 041 | _aeng | ||
| 082 | _a004.6081 COLR | ||
| 100 | _aColburn, Rafe. | ||
| 245 | _aTeach yourself cgi programming in a week. | ||
| 250 | _a1 | ||
| 260 |
_aNew Delhi _bTechmedia _c1998 |
||
| 300 | _axviii,387,20 | ||
| 650 | _aWeb Design & Development | ||
| 999 |
_c183524 _d183524 |
||